| 000 | 00878nam a22001577a 4500 | ||
|---|---|---|---|
| 003 | OSt | ||
| 005 | 20151019142619.0 | ||
| 008 | 151019b xxu||||| |||| 00| 0 eng d | ||
| 040 | _cRUA | ||
| 082 | _aAVM CHE 2009 B088 Or.1 | ||
| 100 |
_92462 _aCHEA RATH |
||
| 245 | _aStudy on growing of chickend by using of dry winged beanleeavein concentrate at animal experimental station of royal university of agriculture, (ការសិក្សាលើការលូតលាស់របស់មាន់សាច់ដោយប្រើប្រាស់ម្សៅស្លឹកពពាយជ្រុងជាចំណីផ្សំ នៅក្នុងស្ថានីយ៍សត្វ នៃសាកលវិទ្យាល័យភូមិន្ទកសិកម្ម) | ||
| 260 |
_aphnom penh _brua _c2009 |
||
| 300 |
_axi, 50p. _bill. _c29cm. |
||
| 942 |
_2ddc _cAVM |
||
| 999 |
_c2317 _d2317 |
||